Un compte à rebours difficile #4 - Statistiques

Statistiques générales
  • Ce quiz a été pris 42 fois
  • Le résultat moyen est 4 sur 5
Statistiques - réponses
# % Correct
83
100%
66
89%
49
74%
32
50%
15
37%
Aucun quiz correspondant
Distribution des résultats
% des personnes avec chaque résultat
Percentile par nombre de réponses
Votre historique - résultats
Vous n’avez pas pris ce quiz